| 000 | 00000nam##2200000za#4500 |
| 001 | 9.697434 |
| 003 | CaOODSP |
| 005 | 20250506145324 |
| 007 | cr ||||||||||| |
| 008 | 150407|1979||||xxc|||||o f|0| 0 eng|d |
| 040 | |aCaOODSP|beng |
| 043 | |an-cn--- |
| 086 | 1 |aA15-1603/1979E-PDF |
| 110 | 1 |aCanada.|bAgriculture Canada. |
| 245 | 10|aEditorial guide |h[electronic resource] |
| 250 | |aRevised 1978 |
| 260 | |aOttawa - Ontario : |bAgriculture Canada |cPrinted 1977, c1979. |
| 300 | |a16p. |
| 500 | |aHistorical publication digitized by Agriculture and Agri-Food Canada. |
| 590 | |a13-17-Supp|b2013-07-25 |
| 690 | 07|aStyle manuals|2gcpds |
| 690 | 07|aWriting|2gcpds |
| 775 | 08|tGuide typographique |w(CaOODSP)9.642267 |
| 856 | 40|ahttp://publications.gc.ca|qPDF|s706 KB|uhttps://publications.gc.ca/collections/collection_2013/aac-aafc/agrhist/A15-1603-1979-eng.pdf |
| 986 | |a1603 |